| 000 | 00492cam a22002051 4500 | ||
|---|---|---|---|
| 001 | sa 68002239 | ||
| 003 | DLC | ||
| 005 | 20260227112441.0 | ||
| 008 | 881028s1967 xx 000 0 benr | ||
| 010 | _asa 68002239 | ||
| 035 | _a(OCoLC)23578786 | ||
| 040 |
_aDLC _cMiU _dDLC |
||
| 042 | _apremarc | ||
| 050 | 0 | 0 |
_aPK1718.A8 _bB34 |
| 100 | 0 |
_aĀśāpūrṇā Debī, _d1909-1995. |
|
| 245 | 1 | 0 | _aBālucarī. |
| 260 |
_a[n.p.] _c[1967] |
||
| 300 |
_a161 p. _c22 cm. |
||
| 500 | _aRomanized. | ||
| 999 |
_c78552 _d78552 |
||